000 00691nam a22001937a 4500
999 _c59817
_d59817
005 20230424123815.0
008 230424s2018 enk||||| |||| 00| 0 eng d
020 _a9781107561939x
041 _aeng
080 _a174+616 The-44
245 _aThe Cambridge Handbook of Applied Psychological Ethics /
_cEditors : Mark M. Leach, Elizabeth Reynolds Welfel.
264 _aCambridge :
_bCambridge University Press,
_c2018.
300 _a174 p.;
_b25 p.
653 _aპსიქოლოგია
653 _aეთიკა
700 _aLeach, Mark M.
_eრედაქტორი
_917755
700 _aReynolds Welfel, Elizabeth
_eრედაქტორი
_917756
942 _2udc
_cBK